| 000 | 00755nam a22002057a 4500 | ||
|---|---|---|---|
| 999 |
_c19275 _d19275 |
||
| 003 | AR-CdUCM | ||
| 008 | 190430b ||||| |||| 00| 0 spa d | ||
| 040 |
_aMUNICIPALIDAD PROVINCIAL DEL CUSCO _cBIBLIOTECA MUNICIPAL DEL CUSCO |
||
| 082 |
_a930 / _bA83 |
||
| 100 |
_aAstolfi, Jose C. _935238 |
||
| 245 |
_aSíntesis de historia antigua : _bPrehistoria, Oriente, Grecia, Roma / |
||
| 260 |
_aBuenos Aires : _bKapelusz, _c1939. |
||
| 300 |
_a191 paginas ; _c20 cm. |
||
| 505 | _aContenido : Historia de las culturas prehistóricas -- Egipto -- Pueblos e imperios del cercano Oriente -- La guerra medica... | ||
| 650 |
_aHistoria antigua _92710 |
||
| 650 |
_aGuerras civiles _97729 |
||
| 650 |
_aCristianismo _92910 |
||
| 942 |
_2ddc _cLIBROS |
||
| 945 | _arcc | ||